Reporting from the wars 1850 - 2015 (Registro nro. 310273)
[ vista simple ]
| 000 -ENCABEZADO | |
|---|---|
| Número de control [NR] | 02624cam a2200313Ii 4500 |
| 001 - NÚMERO DE CONTROL | |
| control field | on1035750316 |
| 005 - FECHA Y HORA DE LA ÚLTIMA TRANSACCIÓN | |
| control field | 20180817111320.0 |
| 008 - DE LONGITUD FIJA DE DATOS DE ELEMENTOS - INFORMACIÓN GENERAL | |
| Elementos de longitud fija [NR] | 180503s2018 deua b 000 0 eng d |
| 020 ## - NUMERO INTERNACIONAL NORMALIZADO PARA LIBROS [R] | |
| Número Internacional Normalizado del libro [NR] | 9781622731015 |
| 020 ## - NUMERO INTERNACIONAL NORMALIZADO PARA LIBROS [R] | |
| Número Internacional Normalizado del libro [NR] | 1622731018 |
| 035 ## - NUMERO DE CONTROL DEL SISTEMA [R] | |
| Número de control del sistema [NR] | (OCoLC)1035750316 |
| 040 ## - FUENTE DE CATALOGACION [NR] | |
| Agencia de catalogación original [NR] | Co-BoUCM |
| Idioma de catalogación [NR] | spa |
| Quien Cataloga | Saul Niño |
| Quien Clasifica | Saul Niño |
| 041 0# - CODIGO DE IDIOMA [R] | |
| Código de idioma para texto/pista de sonido o título separado [R] | Inglés |
| 100 1# - ASIENTO PRINCIPAL--NOMBRE PERSONAL [NR] | |
| Nombre personal [NR] | Turner, Barry |
| ID Autoridad | 93344 |
| 245 10 - MENCION DE TITULO [NR] | |
| Título [NR] | Reporting from the wars 1850 - 2015 |
| Parte restante del título [NR] | the origins and evolution of the war correspondent |
| Mención de responsabilidad, etc. [NR] | Barry Turner, Daniel Barredo Ibanez, Steven James Grattan |
| 260 ## - PUBLICACION, DISTRIBUCION, ETC. (PIE DE IMPRENTA) [R] | |
| Lugar de publicación, distribución, etc. [R] | United States |
| Nombre del editor, distribuidor, etc. [R] | Vernon Press |
| Fecha de publicación, distribución, etc. [R] | 2018 |
| 300 ## - DESCRIPCION FISICA [R] | |
| Extensión [R] | xii, 279 páginas |
| 490 0# - MENCION DE SERIE [R] | |
| Mención de serie [R] | Vernon Series in Communication |
| 520 8# - NOTA DE RESUMEN, ETC. [R] | |
| Nota de sumario, etc. [NR] | War reporting has made a massive impression on the public not only in how wars are fought but why they are fought. The ability of the public to ?see? what is happening at the front changed the public?s attitude to war in very many respects and even where a war may be ?popular? the involvement of the press led to criticisms that have changed war almost in equal measure to the changes brought about by weapons technology. The book will be a compilation of historical and contemporary stories of the war correspondent and battlefield photographer from the earliest days of modern war reporting to the present. It will seek to determine the changes in style, method and practice of the work of the war correspondent and examine the changes in attitudes to, and how the public view war from the high point of imperialism to the present day jihad. This book will be of interest to journalists, academics, students and in general history. By mixing historical analysis with contributions from modern war reporters it will analyse such subjects as the role of propaganda in winning over the public to support wars of aggression, the portrayal of war as entertainment, the use of technology in war reporting and the lives, and sadly often the deaths of those who take on this most dangerous and disturbing vocation. Since modern war reporting commenced following the inventions of the electric telegraph and the camera there have been many different approaches to how the news should be brought to the reader and later the listener and viewer. |
| 546 ## - NOTA DE IDIOMA [R] | |
| Nota de idioma [NR] | Texto en inglés |
| 650 #7 - ASIENTO SECUNDARIO DE MATERIA - TERMINO TEMATICO [R] | |
| Término temático o nombre geográfico como elemento de entrada [NR] | Corresponsales de guerra |
| 9 (RLIN) | 12018 |
| 650 #7 - ASIENTO SECUNDARIO DE MATERIA - TERMINO TEMATICO [R] | |
| Término temático o nombre geográfico como elemento de entrada [NR] | Guerra |
| 9 (RLIN) | 16573 |
| Subdivisión general [R] | Cubrimiento periodístico |
| 650 #7 - ASIENTO SECUNDARIO DE MATERIA - TERMINO TEMATICO [R] | |
| Término temático o nombre geográfico como elemento de entrada [NR] | Noticias |
| 9 (RLIN) | 20455 |
| Subdivisión general [R] | Guerra |
| 650 #7 - ASIENTO SECUNDARIO DE MATERIA - TERMINO TEMATICO [R] | |
| Término temático o nombre geográfico como elemento de entrada [NR] | Periodismo |
| 9 (RLIN) | 21340 |
| 700 1# - ASIENTO SECUNDARIO - NOMBRE PERSONAL [R] | |
| Nombre personal [NR] | Ibanez, Daniel Barredo |
| 9 (RLIN) | 93345 |
| 700 1# - ASIENTO SECUNDARIO - NOMBRE PERSONAL [R] | |
| Nombre personal [NR] | Grattan, Steven James |
| 9 (RLIN) | 93346 |
| 942 ## - ELEMENTOS DE ENTRADA AGREGADOS (KOHA) | |
| Sistema de clasificación | DEWEY |
| Tema principal | Comunicación |
| Tipo de ítem principal el descrito en 300a | Libro |
| Edición | 1 |
| Clasificación | 070.4333 |
| Parte restante de la signatura top. | T944r |
| Fecha de último préstamo | Total préstamos | Signatura topográfica | Código de barras | Última vez visto | Ejemplar | Costo de reposición | Price effective from | Tipo de ítem | Perdido | Sistema de clasificación | Dañado | No prestable | Tipo de ítem específico | Suprimido | Ubicación habitual | Ubicación actual | Localización | Fecha de creación | Proveedor | Forma de adquisición | Costo |
|---|---|---|---|---|---|---|---|---|---|---|---|---|---|---|---|---|---|---|---|---|---|
| 03/02/2020 | 3 | 070.4333 T944r | 100157859 | 05/12/2025 | Ej.1 | 196929.00 | 10/08/2018 | Libro | DEWEY | Libro | Claustro | Claustro | 2do piso | 10/08/2018 | 15 | Compra | 196929.00 | ||||
| 13/09/2022 | 1 | 070.4333 T944r | 100157860 | 05/12/2025 | Ej.2 | 196929.00 | 10/08/2018 | Libro | DEWEY | Libro | Claustro | Claustro | 2do piso | 10/08/2018 | 15 | Compra | 196929.00 |